000 00609nam a2200205Ia 4500
003 GCL
008 140319s9999 xx 000 0 ara d
040 _aGCL /
_cGCL
082 0 4 _a188
_bم ن
100 1 _aمحمد غلاب (مترجم)
245 1 0 _aنصوص مختارة من فولتير /
_cمحمد غلاب (مترجم)
700 1 _aمحمد محمد القصاص
700 1 _aموروا , اندرية
300 _a221 ص
490 _aالالف كتاب
_v0
650 0 4 _aالفلسفة الغربية
650 0 4 _aالعصور الوسطى
650 0 4 _aفولتير
942 _2ddc
_cBK
999 _c45715
_d45715